| 000 | 00000cas 2200000zi 4500 |
| 001 | 9.955514 |
| 003 | CaOODSP |
| 005 | 20260604142114 |
| 006 | m o d f |
| 007 | cr cn |||||||| |
| 008 | 250918c20259999oncar p o f0 a0eng|d |
| 022 | |a2819-6864 |
| 040 | |aCaOODSP|beng|erda|cCaOODSP |
| 043 | |an-cn--- |
| 086 | 1 |aBT1-76E-PDF |
| 222 | 0|aAnnual report on the Government of Canada's trust and transparency strategy |
| 245 | 00|aAnnual report on the Government of Canada's trust and transparency strategy. |
| 246 | 34|aTrust and transparency annual report |
| 264 | 1|aOttawa : |bTreasury Board of Canada Secretariat = Secrétariat du Conseil du trésor du Canada, |c[2025]- |
| 310 | |aAnnual |
| 336 | |atext|btxt|2rdacontent |
| 337 | |acomputer|bc|2rdamedia |
| 338 | |aonline resource|bcr|2rdacarrier |
| 362 | 1 |aBegan with: 2025. |
| 500 | |aIssued also in French under title: Rapport annuel sur la stratégie du gouvernement du Canada en matière de confiance et de transparence. |
| 588 | |aDescription based on: 2025. |
| 588 | |aLatest issue consulted: 2025. |
| 650 | 0|aTransparency (Ethics) in government|zCanada|vPeriodicals. |
| 650 | 0|aTrust|xGovernment policy|zCanada|vPeriodicals. |
| 650 | 0|aStrategic planning|zCanada|vPeriodicals. |
| 655 | 7|aPeriodicals|2lcgft |
| 710 | 1 |aCanada. |bTreasury Board, |eissuing body. |
| 775 | 08|tRapport annuel sur la stratégie du gouvernement du Canada en matière de confiance et de transparence.|w(CaOODSP)9.955515 |